000 00686cam a2200145 4500500
005 20260208023325.0
041 _afre
042 _adc
100 1 0 _aBourrigaud, René
_eauthor
245 0 0 _aHistoire de la Sécurité sociale (1945-1967) – L’État, l’institution et la santé –, Bruno Valat, préface d’André Gueslin, Economica, collection « Économies et sociétés contemporaines », 2001, 544 pages
260 _c2002.
500 _a2
786 0 _nRevue française des affaires sociales | - | 3 | 2002-09-01 | p. 295b-309b | 0035-2985
856 4 1 _uhttps://shs.cairn.info/revue-francaise-des-affaires-sociales-2002-3-page-295b?lang=fr&redirect-ssocas=7080
999 _c1661466
_d1661466